000 00319 a2200145 4500
001 166983
020 _a
040 _cMagnum
100 _aKohan, Walter Omar
240 1 0 _aFilosofia no ensino medio - v.6
_lpor
245 1 0 _aFilosofia no ensino medio - v.6
362 0 _a1899
697 _aFILOSOFIA
942 _cBK
999 _c166983
_d166983